000
00434nam a2200133Ia 4500
008
100328s9999 xx 000 0 und d
082
_b
14371
100
_a
शारंगपाणी सरोजिनी
245
_a
गुन्हेगारांचे जग
260
_b
हंस
630
_a
गुन्हेगारांचे जग
730
_a
गुन्हेगारांचे जग
942
_c
BOOK
999
_c
509347
_d
509344